The collected stories of Isaac Bashevis Singer. (Record no. 1146)

000 -LEADER
fixed length control field 01163nam a22003497a 4500
001 - CONTROL NUMBER
control field 3260704
003 - CONTROL NUMBER IDENTIFIER
control field OSt
005 - DATE AND TIME OF LATEST TRANSACTION
control field 20210426121833.0
008 - FIXED-LENGTH DATA ELEMENTS--GENERAL INFORMATION
fixed length control field 810721s1982 nyu 000 1 eng
010 ## - LIBRARY OF CONGRESS CONTROL NUMBER
LC control number 81012436
020 ## - INTERNATIONAL STANDARD BOOK NUMBER
International Standard Book Number 0374126313
Terms of availability $19.95
020 ## - INTERNATIONAL STANDARD BOOK NUMBER
International Standard Book Number 0374126348 (lim. ed.)
Terms of availability $75.00
040 ## - CATALOGING SOURCE
Original cataloging agency DLC
Transcribing agency DLC
Modifying agency DLC
Language of cataloging eng
041 1# - LANGUAGE CODE
Language code of text/sound track or separate title eng
Language code of original yid
050 00 - LIBRARY OF CONGRESS CALL NUMBER
Classification number PJ5129.S49
Item number A22 1982
080 ## - UNIVERSAL DECIMAL CLASSIFICATION NUMBER
Universal Decimal Classification number 821.111
Item number S-62
082 00 - DEWEY DECIMAL CLASSIFICATION NUMBER
Classification number 839/.0933
Edition number 19
100 1# - MAIN ENTRY--PERSONAL NAME
Personal name Singer, Isaac Bashevis,
Dates associated with a name 1904-1991.
240 10 - UNIFORM TITLE
Uniform title Short stories.
Language of a work English
245 14 - TITLE STATEMENT
Title The collected stories of Isaac Bashevis Singer.
Statement of responsibility, etc. / by: Farrar, Straus, Giroux
260 ## - PUBLICATION, DISTRIBUTION, ETC.
Place of publication, distribution, etc. New York
Name of publisher, distributor, etc. Farrar, Straus, Giroux
Date of publication, distribution, etc. c1982.
300 ## - PHYSICAL DESCRIPTION
Extent viii, 610 p.
Dimensions 22 cm.
365 ## - TRADE PRICE
Price amount 19.95 usd
500 ## - GENERAL NOTE
General note Translated from the Yiddish by Saul Bellow and others.
600 10 - SUBJECT ADDED ENTRY--PERSONAL NAME
Personal name Singer, Isaac Bashevis,
Dates associated with a name 1904-1991
Form subdivision Translations into English.
650 #0 - SUBJECT ADDED ENTRY--TOPICAL TERM
Topical term or geographic name entry element Jews
Form subdivision Fiction.
650 #0 - SUBJECT ADDED ENTRY--TOPICAL TERM
Topical term or geographic name entry element English literature
9 (RLIN) 247
653 ## - INDEX TERM--UNCONTROLLED
Uncontrolled term ინგლისური ლიტერატურა
655 #7 - INDEX TERM--GENRE/FORM
Genre/form data or focus term Jewish fiction.
Source of term lcsh
906 ## - LOCAL DATA ELEMENT F, LDF (RLIN)
a 7
b cbc
c orignew
d 1
e ocip
f 19
g y-gencatlg
942 ## - ADDED ENTRY ELEMENTS (KOHA)
Source of classification or shelving scheme
Koha item type Books
Holdings
Withdrawn status Lost status Source of classification or shelving scheme Damaged status Not for loan Permanent location Current location Date acquired Inventory number Total Checkouts Full call number Barcode Date last seen Price effective from Koha item type
          Ken Walker International University Ken Walker International University 02/03/2021 852   821.111 S-62 852 02/03/2021 02/03/2021 Books

Powered by Koha